000 01402nam a2200217Ia 4500
003 Ost
005 20260416102400.0
008 260416s9999||||xx |||||||||||||| ||und||
040 _cfsecg
041 _aara
082 _a658.8
100 _aحفصي، هدى
_eمؤلف
245 0 _aبحوث التسويق :
_bموجهة لطلبة السنة الثالثة علوم تجارية، تخصص: تسويق : مطبوعة /
_c هدى حفصي
260 _aالجزائر
_bجامعة الجزائر3: كلية العلوم الإقتصادية، العلوم التجارية وعلوم التسيير
_c2022
300 _a124 ورقة
_bايضاحات
_c12 سم
504 _aالمراجع ص.121
520 _aمفاهيم أساسية حول بحوث التسوق،أنواع بحوث التسويق،مجالات بحوث التسويق،بحوث التسويق الخاصة بالمنتج و الخاصة بالتسعير وبالتوزيع و الخاصة بالاتصال التسويقي،خطوات اعداد البحث التسويقي،التخطيط الأولي لمبحث التسويقي،تصميم البحث التسويقي،تنفيذ البحث التسويقي.
653 _aالتسويق
710 _aجامعة الجزائر3: كلية العلوم الإقتصادية، العلوم التجارية وعلوم التسيير
_eناشر علمي
942 _cHANDOUT
999 _c41393
_d41393